00906nam a22002297a 45000010005000000030006000050050017000110080041000280200018000690400029000870500008001160820010001241000029001342450038001632600050002013000040002515050007002915200296002985210027005945210018006216500037006399227FISKH20251203132558.0251203b cb ||||| |||| 00| 0 eng d a9780439978057 aFISKHbengcFISKHdFISKH aPZ7 a821.9 aCurry, Jennifer eAuthor aSpooky poems /cby Jennifer Curry aLondon :bScholastic Children's Books ,c1998 a128 pages :billustrations ;c20 cm aN  aFasten your seatbelt, take a deep breath, hold tight - and we're off - aboard the haunted ghost train for the spooky ride of a lifetime. Meet your doom in the Castle of Gloom Swallow a barbecued bat Dangle those cobwebs and rattle those bones and dare to enter this spooky poetry collection.8 a550 bLexile estimate 8 aN bRaz-Plus  aChildren's reference vHalloween